Southville International School and Colleges
Your cart is empty.
  • Cart
  • Lists
    Public lists Eva Luna New books Lux_list list_1
    Your lists Log in to create your own lists
  • Log in to your account
  • Your cookies
  • Search history
Southville International School and Colleges
  • Advanced search
  • Recent comments
  • Most popular
  • Libraries

Log in to your account

Log in with GOOGLE


If you do not have an external account, but do have a local account, you can still log in:

  1. Home
  2. MARC view: Dive! :
Normal view MARC view ISBD view

Dive! : (Record no. 41442)

[ view plain ]
MARC details
000 -LEADER
fixed length control field 00522nam a2200205Ia 4500
003 - CONTROL NUMBER IDENTIFIER
control field OSt
005 - DATE AND TIME OF LATEST TRANSACTION
control field 20140312102437.0
008 - FIXED-LENGTH DATA ELEMENTS--GENERAL INFORMATION
fixed length control field 140130s9999 xx 000 0 und d
020 ## - INTERNATIONAL STANDARD BOOK NUMBER
International Standard Book Number 0439160278
050 ## - LIBRARY OF CONGRESS CALL NUMBER
Classification number PZ 7
Item number .Ea23Di 2000
100 ## - MAIN ENTRY--PERSONAL NAME
Personal name Earle, Sylvia A.
245 ## - TITLE STATEMENT
Statement of responsibility, etc Sylvia A. Earle.
Title Dive! :
Remainder of title my adventures in the deep frontier /
260 ## - PUBLICATION, DISTRIBUTION, ETC. (IMPRINT)
Name of publisher, distributor, etc Scholastic,
Date of publication, distribution, etc c2000.
Place of publication, distribution, etc USA :
300 ## - PHYSICAL DESCRIPTION
Extent 64 p. :
Other physical details col. ill. ;
Dimensions 33 cm.
440 ## - SERIES STATEMENT/ADDED ENTRY--TITLE
Volume number/sequential designation 1
521 ## - TARGET AUDIENCE NOTE
Target audience note
526 ## - STUDY PROGRAM INFORMATION NOTE
Reading level 1240
942 ## - ADDED ENTRY ELEMENTS (KOHA)
Koha item type Books
Source of classification or shelving scheme Library of Congress Classification
Holdings
Withdrawn status Lost status Source of classification or shelving scheme Damaged status Home library Current library Shelving location Date acquired Total Checkouts Full call number Barcode Date last seen Copy number Koha item type
    Library of Congress Classification   Munich Library Munich Library Scholastic Reading Center Section 01/30/2014   PZ 7 .Ea23Di 2000 MS0568 01/30/2014 1 Books

Dive! :

APA

Earle S. A., . (2000). Dive!. USA: Scholastic.

Chicago

Earle Sylvia A, . 2000. Dive!. USA: Scholastic.

Harvard

Earle S. A., . (2000). Dive!. USA: Scholastic.

MLA

Earle Sylvia A, . Dive!. USA: Scholastic. 2000.

  • Place hold
  • Print
  • Cite
  • Add to your cart (remove)
  • Save record
    BIBTEX Dublin Core MARCXML MARC (non-Unicode/MARC-8) MARC (Unicode/UTF-8) MARC (Unicode/UTF-8, Standard) MODS (XML) RIS
  • More searches
    Search for this title in:
    Other Libraries (WorldCat) Other Databases (Google Scholar) Online Stores (Bookfinder.com) Open Library (openlibrary.org)

Exporting to Dublin Core...

SOUTHVILLE LIBRARY

Southville International School and Colleges Library

1281 Tropical Ave. Cor. Luxembourg St., BF Homes International, Las Pinas City

Tel. No. 8256374 / 252358 Loc. 117/146

Powered by Koha